Los Diez Mandamientos - Estadísticas

Estadísticas generales
  • Esta prueba ha sido intentada 2.508 veces
  • La puntuación promedio es 5 de 10
Estadísticas de respuestas
# Mandamiento % Correcto
6 No {mataras}
89%
3 No tomarás el nombre de Jehová, tu Dios, en {vano}
86%
8 No {hurtarás}
80%
5 {Honra} a tu padre y a tu madre...
66%
9 No hablarás contra tu prójimo falso {testimonio}
56%
7 No cometerás {adulterio}
40%
4 Acuérdate del día de {reposo}, para santificarlo
20%
1 No tendrás {dioses} {ajenos} delante de mí
16%
2 No te harás {imagen}...
14%
10 No {codiciarás} ...
13%
No se encontraron pruebas coincidentes
Distribución de puntuación
Porcentaje de gente con cada puntuación
Porcentaje por número respondido
Historial de tus puntuaciones
No has intentado esta prueba.